000 00437nam a2200145Ia 4500
003 OSt
005 20260202104718.0
008 211028s2019 xx 000 0 und d
040 _cAIMIT LIBRARY
041 _aeng
100 _aSafwan K, Ahammad;Rose, Swapna.
_g1716008
_97989
245 _aAnalysis of GST with reference to Hasan Hajee and Company's business Managlore /
260 _aMangalore
_bRoyce Baretto
_c2019
942 _2ddc
_cPRO
999 _c219557
_d219557